Normal view
MARC view
Entry Personal Name
001 - CONTROL NUMBER
- control field: 41831
003 - CONTROL NUMBER IDENTIFIER
- control field: OSt
005 - DATE AND TIME OF LATEST TRANSACTION
- control field: 20231117124354.0
008 - FIXED-LENGTH DATA ELEMENTS
- fixed length control field: 231117|| aca||aabn | a|a d
040 ## - CATALOGING SOURCE
- Original cataloging agency: OSt
- Transcribing agency: OSt
100 ## - HEADING--PERSONAL NAME
- Personal name: Jones, David Raymond et al
670 ## - SOURCE DATA FOUND
- Source citation: Work cat.: (OSt)522921: Jones, David Raymond et al , Hiding in plain sight: Exploring the complex pathways between tactical concealment and relational wellbeing
